000 00593nam a2200205Ia 4500
003 OSt
005 20230607112155.0
008 210423s2011 xx 000 0 und d
020 _a9788192234908
040 _cAL
041 _aeng
082 _a303.69 JEYC
100 _aJEYASEELAN (Lazar).
_9121282
245 _aConflict mapping and peace processes in North East India.
260 _aGuwahati
_bNorth Eastern social research centre
_c2011
300 _a1,279
_bPB
365 _b200
_cINR
906 _aConflict ; East ; India. ; mapping ; North ; peace ; processes
942 _2ddc
_cBK
999 _c176130
_d176130